000 00585nam a2200205 i 4500
001 101117
003 ES-MaACL
005 20230906182825.0
007 t|
008 051013s1963 sp ||||1| cat d
100 1 _aMaurette, Miguel.
_979244
245 1 3 _aEl mas de Sant Miquel /
_cMiquel Maurette; versió catalana de Ferran Canyamares.
260 _aPalma de Mallorca :
_bMoll,
_c1963.
300 _a134 p. ;
_c16 cm.
490 1 _aRaixa
700 0 _aCanyameres, Ferran.
_9181837
830 0 _aRaixa
_9181953
852 _aES-MaACL
_jC-24726
_bR.53339
999 _c101117
_d101117